| 000 | 00450nam a22001571a 4500 | ||
|---|---|---|---|
| 020 | _c0.00 | ||
| 040 | _aNEGST Library - Kenya | ||
| 082 | _aBV 1471.G53 1981 | ||
| 100 | _aGlass, Joseph D. | ||
| 245 |
_aHow to teach God's story _cJoseph D. Glass _h[Text] |
||
| 260 |
_bParish Life Press, Philadelphia _c1981 |
||
| 300 | _a128p | ||
| 600 |
_aChristian education _xstudy and teaching. |
||
| 852 | _98.20 | ||
| 942 | 0 | 0 | _01 |
| 999 |
_c23290 _d23290 |
||